| 000 | 00878cam a2200253 a 4500 | ||
|---|---|---|---|
| 001 | 15581555 | ||
| 005 | 20180201090636.0 | ||
| 008 | 090109s2010 maua b 001 0 eng | ||
| 010 | _a 2009000182 | ||
| 020 | _a9780137008575 (hbk.) | ||
| 020 | _a0137008570 (hbk.) | ||
| 035 | _a(OCoLC)ocn268788356 | ||
| 040 |
_aDLC _cDLC _dBTCTA _dYDXCP _dYDX _dC#P _dBWX _dSINIE _dDLC |
||
| 041 | _aeng | ||
| 080 | _a372.43 JEN | ||
| 082 | 0 | 0 |
_a372.43 JEN _222 |
| 100 | 1 | _a48 | |
| 101 | _aEDU | ||
| 245 | 1 | 0 |
_aReading problems : _cJoyce Holt Jennings, JoAnne Schudt Caldwell, Janet W. Lerner. |
| 504 | _aIncludes bibliographical references and indexes. | ||
| 906 |
_a7 _bcbc _corignew _d1 _eecip _f20 _gy-gencatlg |
||
| 942 |
_2ddc _cBK |
||
| 999 |
_c41557 _d41557 |
||